La philosophie de Schopenhauer / (Record no. 163471)

MARC details
000 -LEADER
campo de control de longitud fija 00614nam a22001815i 4500
001 - NÚMERO DE CONTROL
campo de control 163471
003 - IDENTIFICADOR DE NÚMERO DE CONTROL
campo de control ES-MaACL
005 - FECHA Y HORA DE LA ÚLTIMA TRANSACCIÓN
campo de control 20250704063121.0
008 - DATOS DE LONGITUD FIJA--INFORMACIÓN GENERAL
campo de control de longitud fija 940615s1874 fr |||| | fre d
100 1# - ENTRADA PRINCIPAL--NOMBRE DE PERSONA
Nombre de persona Ribot, Théodule,
Fechas asociadas al nombre 1839-1916
9 (RLIN) 96838
245 13 - MENCIÓN DEL TÍTULO
Título La philosophie de Schopenhauer /
Mención de responsabilidad, etc. par Th. Ribot.
260 ## - PUBLICACIÓN, DISTRIBUCIÓN, ETC.
Lugar de publicación, distribución, etc. Paris :
Nombre del editor, distribuidor, etc. Germer Bailtière,
Fecha de publicación, distribución, etc. 1874.
300 ## - DESCRIPCIÓN FÍSICA
Extensión [6], 180, 24 p. ;
Dimensiones 18 cm.
600 14 - PUNTO DE ACCESO ADICIONAL DE MATERIA--NOMBRE DE PERSONA
Nombre de persona Schopenhauer, Arthur-
Subdivisión general Crítica e interpretación.
9 (RLIN) 104659
700 1# - ENTRADA AGREGADA--NOMBRE PERSONAL
Nombre de persona Baillière, Germer.
9 (RLIN) 125776
852 ## - LOCALIZACIÓN
Ubicación ES-MaACL
Número de control de estantería F-11489
Nota libre - Enc. pasta española
Holdings
Estatus retirado Estado de pérdida Estado de daño No para préstamo Colección Biblioteca de origen Biblioteca actual Ubicación en estantería Fecha de adquisición Fuente de adquisición Total de préstamos Signatura topográfica completa Código de barras Visto por última vez Precio de reemplazo Tipo de ítem Koha
        Libros del s. XIX Biblioteca del Ateneo de Madrid Biblioteca del Ateneo de Madrid Sala Pecera Planta 2 17/01/2008     F-11489 1171302 23/02/2023 23/02/2023 Libro impreso antiguo